Bramkarze PSV Eindhoven w XXI wieku - Statystyki

Ogólne statystyki
  • Ten quiz został rozwiązany 36 razy
    14 od ostatniego zresetowania
  • Średni wynik to 4 z 24
Statystyki odpowiedzi
Lata gry Narodowość Nazwisko % Poprawnych
2011-2014 Polska Przemysław Tytoń
82%
2022-2025 Argentyna Walter Benítez
73%
2009-2019 Holandia Jeroen Zoet
55%
2021- Holandia Joël Drommel
27%
2020-2022 Szwajcaria Yvon Mvogo
27%
2012-2013 2022-2024 Holandia Boy Waterman
18%
2017-2019 Curaçao Eloy Room
18%
1999-2002 Jugosławia Ivica Kralj
18%
1994-2004 Holandia Ronald Waterreus
18%
2008-2012 Szwecja Andreas Isaksson
9%
2008-2011 Brazylia Cássio
9%
2003 Holandia Frank Kooiman
9%
2001-2002 Holandia Gino Coutinho
9%
2004-2008 Brazylia Heurelho Gomes
9%
2002-2003 Holandia Jelle ten Rouwelaar
9%
2019-2021 Niemcy Lars Unnerstall
9%
1998-2002 Holandia Patrick Lodewijks
9%
2014-2017 Holandia Remko Pasveer
9%
2003 Belgia Yves Lenaerts
9%
2004-2006 Holandia Edwin Zoetebier
0%
2011-2012 Maroko Khalid Sinouh
0%
2006-2007 Holandia Oscar Moens
0%
2019-2020 Holandia Robbin Ruiter
0%
2003-2004 Holandia Rob van Dijk
0%
Nie znaleziono quizów pasujących do podanych kryteriów
Rozkład punktacji
Procent ludzi z każdym wynikiem
Percentyl według liczby udzielonych odpowiedzi
Twoja historia wyników
Nie rozwiązałeś tego quizu od ostatniego zresetowania